000 04134cam a22012134i 4500
003 PE-LiUPU
005 20250813185555.0
008 150706s r 000 0 d
020 _a8448198255
035 _a(Sirsi) i9788448198251
040 _aPE-LiUPU
_bspa
_cPE-LiUPU
_erda
049 _aPRUA
082 0 4 _a302.23072
_bIC
_221
245 0 1 _aInvestigar en comunicación :
_bguía práctica de métodos y técnicas de investigación social en comunicaciones/ Coordinadores, Mª Rosa Berganza Conde, José A. Ruiz San Román ; Carmen García Galera . [et al.].
264 1 _aMadrid :
_bMcGraw-Hill, Interamericana de España,
_c2005 .
300 _a305 páginas :
_bilustraciones gráficos ;
_c24 centímetros
336 _atext
_2rdacontent
337 _aunmediated
_2rdamedia
338 _avolume
_2rdacarrier
505 0 _aEl método científico aplicado a la realidad comunicativa. Investigación y realidad social. Una reflexión epistemológica -- El método científico aplicado a la investigación en Comunicación Mediática -- Planificación de la investigación en Comunicación: fases del proceso -- Metodología y uso estratégico de fuentes estadísticas y bases de datos de contenidos de medios -- La aplicación de métodos estadísticos a la investigación de los medios de difusión -- Herramientas informáticas para el análisis de datos. Aplicaciones básicas del programa SPSS -- Técnicas de investigación aplicadas a la comunicación -- La encuesta. Observación extensiva de la realidad social -- Análisis de contenido cuantitativo de medios -- Los experimentos -- La entrevista en profundidad a los emisores y los receptores de los medios -- El grupo de discusión y sus aplicaciones en la investigación de la comunicación masiva -- La observación sistemática y participante como herramienta de análisis de los fenómenos comunicativos.
526 _aP202
526 _aP201
526 _aP163
526 _aP162
526 _aP161
526 _aP160
526 _aP148
526 _aP147
526 _aP146
526 _aP145
526 _aP144
526 _aP143
526 _aP142
526 _aP141
526 _aP140
526 _aP139
526 _aP138
526 _aP137
526 _aP136
526 _aP135
526 _aP134
526 _aP133
526 _aP129
526 _aP128
526 _aP127
526 _aP120
526 _aP119
526 _aP118
526 _aP116
526 _aP115
526 _aP114
526 _aP110
526 _aP109
526 _aP108
526 _aP104
526 _aP103
526 _aP102
526 _aP99
526 _aP98
526 _aP97
526 _aP96
526 _aP95
526 _aP93
526 _aP90
526 _aP89
526 _aP88
526 _aP83
526 _aP82
526 _aP62
526 _aP59
526 _aP58
526 _aP57
526 _aP51
526 _aP49
526 _aP48
526 _aP47
526 _aP29
526 _aP24
526 _aP20
526 _aP19
526 _aP17
526 _aP15
526 _aP14
526 _aP12
526 _aP10
526 _aP09
526 _aP08
526 _aP07
526 _aP06
526 _aP05
526 _aP04
526 _aP01
541 _g015-0011692;
650 0 4 _aComunicación social
_xInvestigación .
700 1 _aBerganza Conde, María Rosa,
_eCoord.
700 1 _aGarcía Galera, María del Carmen,
_eCoord.
700 1 _aRuiz San Román, José A.,
_eCoord.
910 _bjv
_clch
_d20100610
942 _2ddc
_cBOOK
949 _a302.23072 IC
_wDEWEY
_c1
_i61768
_lCCODEBUL1
_mBUL
_p64.00
_r0
_sY
_tBOOK
_u2015-7-6
_xEDUCACION
_PP07
_0COMPRA
_o.STAFF. Colección General
994 _aC0
_bPEPRU
596 _a1
999 _a302.23072 IC
_wDEWEY
_c50916
_i61768
_d50916
_e2019-5-28
_f2021-11-8
_g5
_lCCODEBUL1
_mBUL
_n5
_p64.00
_q3
_r0
_sY
_tBOOK
_u2015-7-6
_xEDUCACION
_PP07
_0COMPRA
_o.STAFF. Colección General
980 _81
_gALBERTO SANCHEZ Responsable de Automatización